[Event "Guatemala Caissa op 2nd"]
[Site "Guatemala City"]
[Date "2020.01.08"]
[Round "1"]
[White "Henriquez Villagra, Cristobal"]
[Black "Mathews, Cesar"]
[Result "1-0"]
[WhiteElo "2603"]
[BlackElo "2048"]
[PlyCount "71"]
[EventDate "2020.01.08"]
[EventType "swiss"]
[EventRounds "9"]
[EventCountry "GUA"]
[SourceTitle "CBM 194 Extra"]
[Source "ChessBase"]
[SourceDate "2020.03.31"]
[SourceVersion "1"]
[SourceVersionDate "2020.03.31"]
[SourceQuality "1"]

1. e4 e5 2. Nf3 Nc6 3. Bc4 Bc5 4. 0-0 d6 5. c3 Nf6 6. d3 0-0 7. Re1 a6 8. a4 Ba7 9. b4 Bg4 10. h3 Be6 11. Ra2 Qd7 12. Na3 h6 13. a5 Rfe8 14. Bb3 d5 15. Rd2 Rad8 16. Ba4 Qd6 17. exd5 Bxd5 18. Nc4 Bxf3 19. Qxf3 Qd5 20. Qxd5 Nxd5 21. Bb2 f6 22. g3 Nde7 23. Kg2 Nc8 24. Bb3 Kh8 25. h4 Nd6 26. Rde2 Nxc4 27. dxc4 Re7 28. Ba4 g5 29. hxg5 hxg5 30. Bxc6 bxc6 31. c5 Red7 32. f4 gxf4 33. gxf4 Rg7+ 34. Kf3 Rd3+ 35. Ke4 Rd5 36. c4 1-0

[Event "Cappelle op 34th"]
[Site "Cappelle la Grande"]
[Date "2018.03.03"]
[Round "1.10"]
[White "Dimitrov, Radoslav"]
[Black "Mathews, Cesar"]
[Result "1-0"]
[WhiteElo "2493"]
[BlackElo "2126"]
[PlyCount "75"]
[EventDate "2018.03.03"]
[EventType "swiss"]
[EventRounds "9"]
[EventCountry "FRA"]
[SourceTitle "EXT 2019"]
[Source "ChessBase"]
[SourceDate "2018.10.10"]
[SourceVersion "1"]
[SourceVersionDate "2018.10.10"]
[SourceQuality "1"]

1. Nc3 d5 2. e4 dxe4 3. Nxe4 Nf6 4. Nxf6+ exf6 5. Bc4 Bd6 6. Qe2+ Qe7 7. d4 Qxe2+ 8. Nxe2 Bf5 9. c3 0-0 10. Ng3 Re8+ 11. Be3 Bg6 12. 0-0-0 Nd7 13. Rde1 c6 14. Bd2 Nb6 15. Bb3 Nd5 16. Bc2 Bxc2 17. Kxc2 Bxg3 18. hxg3 f5 19. Kd3 Rad8 20. Rxe8+ Rxe8 21. c4 Nf6 22. f3 g6 23. a4 Nh5 24. Bf4 Nxf4+ 25. gxf4 Rd8 26. b4 h5 27. c5 f6 28. b5 Kf7 29. Rb1 Rd7 30. a5 Ke6 31. Kc4 g5 32. fxg5 fxg5 33. a6 cxb5+ 34. Rxb5 bxa6 35. Rb8 f4 36. c6 Rf7 37. Rd8 g4 38. d5+ 1-0

[Event "Olympiad-42"]
[Site "Baku"]
[Date "2016.09.12"]
[Round "10.3"]
[White "Mathews, Cesar"]
[Black "Izijk, Jimmy"]
[Result "1-0"]
[WhiteElo "2116"]
[BlackElo "1991"]
[PlyCount "57"]
[EventDate "2016.09.02"]
[EventType "team-swiss"]
[EventRounds "11"]
[EventCountry "AZE"]
[SourceTitle "CBM 175"]
[Source "ChessBase"]
[SourceDate "2016.11.10"]
[SourceVersion "1"]
[SourceVersionDate "2016.11.10"]
[SourceQuality "1"]
[WhiteTeam "Panama"]
[BlackTeam "Netherlands Antilles"]
[WhiteTeamCountry "PAN"]
[BlackTeamCountry "AHO"]

1. e4 c5 2. Nf3 d6 3. d4 cxd4 4. Nxd4 Nf6 5. Nc3 a6 6. Be3 e6 7. g4 Be7 8. g5 Nfd7 9. Qd2 Qc7 10. 0-0-0 b5 11. f4 Bb7 12. Bg2 Nb6 13. b3 N8d7 14. Kb1 Nc5 15. Ndxb5 axb5 16. Nxb5 Qc8 17. Nxd6+ Bxd6 18. Qxd6 Nxe4 19. Bxe4 Bxe4 20. Bc5 Ra7 21. Qxb6 Rb7 22. Qa5 Bxh1 23. Rxh1 f6 24. gxf6 gxf6 25. Bd4 Ke7 26. Re1 Qd7 27. Bxf6+ Kxf6 28. Qe5+ Kf7 29. Qxh8 1-0

[Event "Olympiad-42"]
[Site "Baku"]
[Date "2016.09.04"]
[Round "3.3"]
[White "Mathews, Cesar"]
[Black "Fawzy, Adham"]
[Result "0-1"]
[WhiteElo "2116"]
[BlackElo "2451"]
[PlyCount "72"]
[EventDate "2016.09.02"]
[EventType "team-swiss"]
[EventRounds "11"]
[EventCountry "AZE"]
[SourceTitle "CBM 175"]
[Source "ChessBase"]
[SourceDate "2016.11.10"]
[SourceVersion "1"]
[SourceVersionDate "2016.11.10"]
[SourceQuality "1"]
[WhiteTeam "Panama"]
[BlackTeam "Egypt"]
[WhiteTeamCountry "PAN"]
[BlackTeamCountry "EGY"]

1. e4 c5 2. Nf3 Nc6 3. d4 cxd4 4. Nxd4 e5 5. Nb5 d6 6. N1c3 a6 7. Na3 b5 8. Nd5 Nce7 9. c4 Nxd5 10. exd5 bxc4 11. Nxc4 Be7 12. Be3 Rb8 13. a4 Nf6 14. a5 0-0 15. Be2 Rb5 16. Nb6 Rxb2 17. Qa4 Bb7 18. Bc4 Ng4 19. Qa3 Nxe3 20. Qxe3 Bg5 21. Qa3 Rd2 22. 0-0 Rd4 23. Rad1 Bd2 24. Qa2 Bc3 25. Qa3 Rxd1 26. Rxd1 Bd4 27. Rb1 Qh4 28. Qa2 g6 29. g3 Qg4 30. Qc2 Bc5 31. Qd3 e4 32. h3 Qxh3 33. Qxe4 Qxg3+ 34. Qg2 Qf4 35. Bd3 Re8 36. Nd7 Bxd5 0-1

[Event "Olympiad-42"]
[Site "Baku"]
[Date "2016.09.02"]
[Round "1.4"]
[White "Mastrovasilis, Athanasios"]
[Black "Mathews, Cesar"]
[Result "1/2-1/2"]
[WhiteElo "2555"]
[BlackElo "2116"]
[PlyCount "144"]
[EventDate "2016.09.02"]
[EventType "team-swiss"]
[EventRounds "11"]
[EventCountry "AZE"]
[SourceTitle "CBM 175"]
[Source "ChessBase"]
[SourceDate "2016.11.10"]
[SourceVersion "1"]
[SourceVersionDate "2016.11.10"]
[SourceQuality "1"]
[WhiteTeam "Greece"]
[BlackTeam "Panama"]
[WhiteTeamCountry "GRE"]
[BlackTeamCountry "PAN"]

1. c4 Nf6 2. Nf3 c5 3. Nc3 Nc6 4. d4 cxd4 5. Nxd4 a6 6. e4 Qc7 7. Be2 e6 8. Be3 Bb4 9. Nxc6 Bxc3+ 10. bxc3 dxc6 11. 0-0 0-0 12. f3 c5 13. Rb1 Rd8 14. Qe1 Nd7 15. Qh4 b6 16. Qe7 Bb7 17. Rfd1 Bc6 18. Rb2 Ba4 19. Qd6 Rac8 20. Qxc7 Rxc7 21. Rd6 Rc6 22. Rd3 f6 23. f4 Rcc8 24. Bf3 Kf7 25. Rbd2 Ke7 26. e5 h6 27. Bb7 Rb8 28. exf6+ Nxf6 29. Rxd8 Rxd8 30. Bxa6 Ne4 31. Rxd8 Kxd8 32. Bc1 Nxc3 33. Bb2 Ne2+ 34. Kf2 Nxf4 35. Bxg7 h5 36. Kg3 Nd3 37. Kh4 Be8 38. Bb7 Kc7 39. Bf3 Kd6 40. Be4 Ne5 41. Bf8+ Kd7 42. Kg5 Nxc4 43. h3 Nd6 44. Bc2 Kc7 45. Kf6 Nb5 46. g4 hxg4 47. hxg4 Nd4 48. Bd3 Nf3 49. g5 Nxg5 50. Kxg5 Bc6 51. Kf6 Bd5 52. a3 Kc6 53. a4 Bb3 54. Bb5+ Kd5 55. Bd7 Kc4 56. Kxe6 Kb4+ 57. Kd6 Bxa4 58. Bf5 c4 59. Kc7+ Kb3 60. Kxb6 c3 61. Ka5 Be8 62. Be6+ Kb2 63. Bg7 Kc2 64. Kb4 Kd3 65. Bf5+ Ke3 66. Kxc3 Bc6 67. Bh6+ Kf3 68. Kd4 Kg2 69. Ke3 Bb7 70. Bf4 Bc6 71. Bg4 Bb7 72. Bf5 Bc6 1/2-1/2

[Event "Panama op 3rd"]
[Site "Panama City"]
[Date "2013.11.05"]
[Round "9"]
[White "Mathews, Cesar"]
[Black "Salcedo, Ivan"]
[Result "1-0"]
[WhiteElo "2031"]
[BlackElo "2162"]
[PlyCount "43"]
[EventDate "2013.10.30"]
[EventType "swiss"]
[EventRounds "9"]
[EventCountry "PAN"]
[SourceTitle "EXT 2014"]
[Source "ChessBase"]
[SourceDate "2013.11.20"]
[SourceVersion "1"]
[SourceVersionDate "2013.11.20"]
[SourceQuality "1"]

1. e4 e5 2. Nf3 Nc6 3. Bc4 d6 4. d3 Bg4 5. c3 Be7 6. Nbd2 Nf6 7. h3 Bh5 8. Bb3 0-0 9. g4 Bg6 10. Nh4 Kh8 11. Qe2 Nd7 12. Nf5 Nc5 13. Bc2 Ne6 14. Nf3 h5 15. Be3 Bf6 16. 0-0-0 d5 17. exd5 Qxd5 18. Bb3 Qa5 19. Nd2 b5 20. Qf3 Ne7 21. Ne4 Bxf5 22. gxf5 1-0

[Event "San Cristobal Bolivar op 1st"]
[Site "San Cristobal"]
[Date "2012.09.30"]
[Round "10"]
[White "Lorenzana, Wilson Estuardo"]
[Black "Mathews, Cesar"]
[Result "1-0"]
[WhiteElo "2202"]
[BlackElo "1978"]
[PlyCount "41"]
[EventDate "2012.09.25"]
[EventType "swiss"]
[EventRounds "10"]
[EventCountry "VEN"]
[SourceTitle "EXT 2013"]
[Source "ChessBase"]
[SourceDate "2012.11.22"]
[SourceVersion "1"]
[SourceVersionDate "2012.11.22"]
[SourceQuality "1"]

1. e4 c5 2. Nf3 Nc6 3. d4 cxd4 4. Nxd4 e5 5. Nb5 d6 6. c4 Be6 7. Bd3 Be7 8. 0-0 a6 9. N5c3 Bg5 10. Nd2 Nh6 11. b3 Nd4 12. Bb2 Qf6 13. Nd5 Bxd5 14. exd5 Qf4 15. Ne4 Be7 16. Bxd4 exd4 17. g3 Qg4 18. Re1 0-0 19. Nc5 Qg5 20. h4 Qf6 21. Nd7 1-0

[Event "Olympiad-39"]
[Site "Khanty-Mansiysk"]
[Date "2010.09.27"]
[Round "6.4"]
[White "Mathews, Cesar"]
[Black "Klerides, Paris"]
[Result "0-1"]
[WhiteElo "1960"]
[BlackElo "2194"]
[PlyCount "88"]
[EventDate "2010.09.21"]
[EventType "team-swiss"]
[EventRounds "11"]
[EventCountry "RUS"]
[SourceTitle "CBM 139"]
[Source "ChessBase"]
[SourceDate "2010.11.18"]
[SourceVersion "1"]
[SourceVersionDate "2010.11.18"]
[SourceQuality "1"]
[WhiteTeam "Panama"]
[BlackTeam "Cyprus"]
[WhiteTeamCountry "PAN"]
[BlackTeamCountry "CYP"]

1. e4 c5 2. Nf3 d6 3. Bb5+ Nc6 4. 0-0 Bd7 5. Re1 e6 6. b3 Be7 7. Bb2 Nf6 8. Bf1 0-0 9. d4 cxd4 10. Nxd4 a6 11. c4 Nxd4 12. Qxd4 Rc8 13. Nc3 Qa5 14. Rad1 Qc7 15. h3 Rfd8 16. g4 Ne8 17. Bg2 Bf6 18. Qd2 b5 19. Bf1 Qb7 20. g5 Be7 21. f4 Bc6 22. f5 b4 23. Nd5 Bf8 24. g6 hxg6 25. fxg6 fxg6 26. Nf4 Qa7+ 27. Kh2 Qf7 28. Bd3 g5 29. Ng2 Be7 30. Rf1 Qh5 31. Qxb4 Nf6 32. Qe1 Ng4+ 33. Kg3 Ne5 34. Be2 Qg6 35. Bxe5 dxe5 36. Rxd8+ Rxd8 37. Bf3 Rd4 38. Qa5 g4 39. hxg4 Bxe4 40. Ne3 Qh6 41. Ng2 Bxf3 42. Rxf3 e4 43. Rf1 Bd6+ 44. Kf2 Rd2+ 0-1

[Event "Panama Sub zt 2.3.2c"]
[Site "Panama"]
[Date "2006.11.04"]
[Round "5"]
[White "Esquivel Golcher, Luis Enrique"]
[Black "Mathews, Cesar"]
[Result "1/2-1/2"]
[WhiteElo "2193"]
[BlackElo "1938"]
[PlyCount "72"]
[EventDate "2006.11.01"]
[EventType "swiss"]
[EventRounds "9"]
[EventCountry "PAN"]
[SourceTitle "EXT 2007"]
[Source "ChessBase"]
[SourceDate "2006.11.23"]
[SourceVersion "1"]
[SourceVersionDate "2006.11.23"]
[SourceQuality "1"]

1. e4 e5 2. Bc4 Bc5 3. Nf3 Nc6 4. d3 Nf6 5. c3 Bb6 6. Bb3 d6 7. Nbd2 0-0 8. 0-0 Ne7 9. Nc4 Ng6 10. Nxb6 axb6 11. Bc2 h6 12. d4 Qe7 13. Re1 Bg4 14. h3 Be6 15. d5 Bd7 16. Nh2 c6 17. c4 b5 18. b3 c5 19. Nf1 b4 20. Ng3 Rfb8 21. Nf5 Qf8 22. Qf3 Nh7 23. Qg3 Kh8 24. Nh4 Nxh4 25. Qxh4 b5 26. cxb5 Bxb5 27. f4 f6 28. Re3 Ra7 29. fxe5 fxe5 30. Rf3 Rf7 31. Rxf7 Qxf7 32. Be3 Rf8 33. Qg4 Qa7 34. Qe6 Rf6 35. Qc8+ Rf8 36. Qe6 Rf6 1/2-1/2

[Event "Panama Sub zt 2.3.2c"]
[Site "Panama"]
[Date "2006.11.01"]
[Round "1"]
[White "Mathews, Cesar"]
[Black "Valdes Romero, Leonardo"]
[Result "0-1"]
[WhiteElo "1938"]
[BlackElo "2396"]
[PlyCount "146"]
[EventDate "2006.11.01"]
[EventType "swiss"]
[EventRounds "9"]
[EventCountry "PAN"]
[SourceTitle "EXT 2007"]
[Source "ChessBase"]
[SourceDate "2006.11.23"]
[SourceVersion "1"]
[SourceVersionDate "2006.11.23"]
[SourceQuality "1"]

1. d4 Nf6 2. Nf3 g6 3. g3 Bg7 4. Bg2 0-0 5. 0-0 d6 6. c4 c6 7. Nc3 Qa5 8. Nd2 Nbd7 9. Re1 Re8 10. Qc2 e5 11. d5 cxd5 12. cxd5 Qc7 13. e4 b5 14. Qd3 b4 15. Na4 a5 16. Qc4 Qb8 17. b3 h5 18. Qc2 h4 19. Nc4 Qc7 20. Be3 Ba6 21. Rac1 hxg3 22. hxg3 Ng4 23. Qd2 Bxc4 24. Rxc4 Qd8 25. Rec1 Bf6 26. R1c2 Kg7 27. Bf3 Nxe3 28. Qxe3 Bg5 29. Qe2 Be7 30. Bg4 Nc5 31. Nxc5 dxc5 32. f4 Bd6 33. f5 Qg5 34. Qf3 a4 35. Rf2 gxf5 36. Bxf5 axb3 37. axb3 Rh8 38. Bd7 Ra1+ 39. Kg2 f6 40. Qg4 Qxg4 41. Bxg4 Rhh1 42. Bd7 Rhg1+ 43. Kh3 Ra8 44. Kg4 Rh1 45. Rcc2 Ra3 46. Rf3 Kf7 47. Bb5 Ra8 48. Rf5 Ra3 49. Bc4 Ra8 50. Rcf2 Ke7 51. Kf3 Rh6 52. Rg2 Rh3 53. Kf2 Ra2+ 54. Kf3 Ra8 55. Kf2 Rh6 56. g4 Rg6 57. Kf3 Rh6 58. g5 fxg5 59. Rgxg5 Rf8 60. Rg7+ Kd8 61. Rxf8+ Bxf8 62. Rf7 Ke8 63. Rb7 Bd6 64. Ra7 Kf8 65. Rd7 Be7 66. Kg4 Rf6 67. Bd3 Rf4+ 68. Kh5 Kf7 69. Rxe7+ Kxe7 70. Kg5 Kf7 71. d6 Ke6 72. d7 Kxd7 73. Bb5+ Kd6 0-1